Ο Πρόεδρος της Δημοκρατίας ως "ρυθμιστής του πολιτεύματος"

Saved in:
Bibliographic Details
Main Author: Σπυρόπουλος, Φίλιππος Κ. 1952-
Format: Book
Language:Greek
Published: Αθήνα : Αντ. Ν. Σάκκουλα, 1990
Subjects:
Tags: Add Tag
No Tags, Be the first to tag this record!

MARC

LEADER 00000nam a2200000 i 4500
001 1/97569
008 991222s1990 gre d
035 |l 10056186 
040 |a GR-MY-UA  |b gre  |e aacr 
041 0 |a gre 
082 0 |a 321.8 
100 1 |a Σπυρόπουλος, Φίλιππος Κ.  |d 1952- 
245 1 2 |a Ο Πρόεδρος της Δημοκρατίας ως "ρυθμιστής του πολιτεύματος" /  |c Φίλιππου Κ. Σπυρόπουλου 
260 |a Αθήνα :   |b Αντ. Ν. Σάκκουλα,   |c 1990 
300 |a 45 σ. 
650 0 0 |a Democracy  |z Greece. 
650 0 0 |a Constitutional law  |z Greece. 
852 |a INST  |b LESVOS  |e 19991222  |h 321.8 ΣΠΥ  |p 005100022282  |q 005100022282  |t BK  |y 0 
901 |a BIBL1-2000-1 
909 |a Λ  |b 071755 
922 |a 1ΕΛΗ  |b 199912  |c ΤΑΚ/ΤΚ  |d ΠΑΠΑΣΩΤΗΡΙΟΥ 
950 |a 103-1999-11-11 
970 |a ΤΖΑΦΕΡΗ  |b ΕΥΑΓΓΕΛΙΑ  |z 2000/01/04